[Event "Santa Clara 1000 GM Schev5 03"]
[Site "Santa Clara"]
[Date "2024.03.11"]
[Round "5.3"]
[White "Garcia Lopez, Miguel Angel"]
[Black "Bhaduri, Neil S"]
[Result "1/2-1/2"]
[WhiteElo "2262"]
[BlackElo "1917"]
[PlyCount "90"]
[EventDate "2024.03.09"]
[EventType "schev"]
[EventRounds "5"]
[EventCountry "USA"]
[SourceTitle "CB13_2024"]
[SourceDate "2024.03.27"]
[SourceVersion "1"]
[SourceVersionDate "2024.03.27"]
[SourceQuality "1"]

1. e4 c6 2. Nc3 d5 3. Nf3 dxe4 4. Nxe4 Nf6 5. Qe2 Nxe4 6. Qxe4 Qa5 7. Bc4 Bf5 8. Qe2 e6 9. c3 Bd6 10. Nh4 Nd7 11. Nxf5 Qxf5 12. d4 Nf6 13. a4 0-0 14. 0-0 Rfe8 15. Bd3 Qa5 16. Qf3 Qh5 17. Qxh5 Nxh5 18. Re1 Bf4 19. g3 Bxc1 20. Raxc1 Rad8 21. Be2 Nf6 22. Bf3 Re7 23. Bg2 h6 24. f4 Red7 25. Rc2 Nd5 26. Kf2 a6 27. Be4 Nf6 28. Bf3 Nd5 29. Re5 g6 30. h4 h5 31. Re1 Nb6 32. b3 Nd5 33. Rb1 Rc7 34. b4 a5 35. b5 c5 36. Rd1 cxd4 37. Rxd4 Rdc8 38. Bxd5 exd5 39. Rxd5 Rxc3 40. Rxc3 Rxc3 41. Rd7 Rc4 42. Rxb7 Rxa4 43. Ra7 Ra3 44. b6 Rb3 45. Rxa5 Rxb6 1/2-1/2

[Event "North American-ch U20"]
[Site "Dulles"]
[Date "2023.12.22"]
[Round "7"]
[White "Zhong, Ryan Yunhui"]
[Black "Bhaduri, Neil S"]
[Result "0-1"]
[WhiteElo "1822"]
[BlackElo "2062"]
[PlyCount "166"]
[EventDate "2023.12.19"]
[EventType "swiss"]
[EventRounds "9"]
[EventCountry "USA"]
[SourceTitle "CB52_2023"]
[SourceDate "2023.12.27"]
[SourceVersion "1"]
[SourceVersionDate "2023.12.27"]
[SourceQuality "1"]

1. e4 c6 2. d4 d5 3. Nc3 dxe4 4. Nxe4 Nf6 5. Nxf6+ exf6 6. c3 Bd6 7. Bd3 0-0 8. Ne2 Re8 9. Qc2 h5 10. Be3 Nd7 11. 0-0-0 Nf8 12. h3 Be6 13. Kb1 b5 14. Nf4 Bxf4 15. Bxf4 a5 16. g4 a4 17. gxh5 Qd5 18. c4 bxc4 19. Be4 Qxh5 20. Rhe1 Qb5 21. Rg1 Ng6 22. d5 Nxf4 23. dxe6 Nxe6 24. Rd6 Ra6 25. a3 Rb6 26. Qc3 Ng5 27. Bc2 Reb8 28. Rgd1 Ne6 29. Kc1 Qg5+ 30. Qe3 Qxe3+ 31. fxe3 Rxb2 32. Rxc6 Ra2 33. Rxc4 Rxa3 34. Re1 Rd8 35. Kb2 Rb3+ 36. Bxb3 axb3 37. Kxb3 Ng5 38. Rd4 Re8 39. Re2 Nxh3 40. Kc4 Ng5 41. Kd3 g6 42. e4 Nf3 43. Ra4 Ne5+ 44. Ke3 Kg7 45. Kf4 Rh8 46. Kg3 Rd8 47. Ra3 Rd4 48. Rae3 Rc4 49. Ra3 Nc6 50. Rd3 Nd4 51. Red2 Ne6 52. Re3 Rc5 53. Rd5 Rc1 54. Rd2 Rg1+ 55. Rg2 Rd1 56. Rge2 Nd4 57. Rf2 Rg1+ 58. Kh2 Rg5 59. Rd2 Ne6 60. Rg3 Re5 61. Re3 f5 62. Rde2 f4 63. Ra3 f5 64. Ra4 Nc5 65. Rb4 fxe4 66. Rb5 e3 67. Kg2 Nd3 68. Rb7+ Kf6 69. Kf3 Re6 70. Rb3 Rd6 71. Rxd3 Rxd3 72. Kxf4 Ra3 73. Rb2 g5+ 74. Ke4 Kg6 75. Rh2 Rb3 76. Rc2 Kh5 77. Kf3 g4+ 78. Kf4 e2 79. Rxe2 Rf3+ 80. Ke4 Rf8 81. Ke3 Re8+ 82. Kf2 Re7 83. Re3 Rxe3 0-1